<The> industrial policy revolution II Africa in the 21st century

Saved in:
Bibliographic Details
Other Authors: Stiglitz, Joseph E., Yifu Lin, Justin, Patel, Ebrahim
Format: Book
Language:English
Published: Basingstoke Palgrave Macmillan 2013
Series:IEA 151-II
Subjects:
Tags: Add Tag
No Tags, Be the first to tag this record!

MARC

LEADER 00000nam a2200000 4500
001 0186521
005 20240109074722.6
020 |a 978-1-137-37450-9 
020 |a 978-1-137-33522-7 
041 0 |a eng 
044 |a GB 
245 1 0 |a <The> industrial policy revolution II  |b Africa in the 21st century  |c edited by Joseph E. Stiglitz, Justin Yifu Lin and Ebrahim Patel 
264 1 |a Basingstoke  |b Palgrave Macmillan  |c 2013 
300 |a xxv, 607 s. 
490 1 |a IEA  |v 151-II 
830 0 |a IEA  |v 151-II 
610 2 0 |a politika priemyselná 
610 2 0 |a Afrika 
610 2 0 |a transformácia 
610 2 0 |a politika hospodárska 
610 2 0 |a makroekonomika 
610 2 0 |a konkurencia 
610 2 0 |a politika finančná 
700 1 |a Stiglitz, Joseph E. 
700 1 |a Yifu Lin, Justin 
700 1 |a Patel, Ebrahim